| 000 | 00568nam a2200205Ia 4500 | ||
|---|---|---|---|
| 003 | IIN | ||
| 005 | 20240201123939.0 | ||
| 008 | 231217s9999 xx 000 0 und d | ||
| 020 |
_cRs.515.00 _a9789381390139 |
||
| 040 |
_aIIN _bEnglish |
||
| 082 |
_a610.730711 _bKUM |
||
| 100 | 1 | _aKumari, Neelam | |
| 245 | 2 |
_aA Textbook of Management of Nursing Services & Education / _cNeelam Kumari |
|
| 250 | _a5th ed | ||
| 260 |
_bPV _aJalandhar _c2015 |
||
| 300 | _a503 p. | ||
| 650 | 1 |
_aManagement _vNursing Services |
|
| 650 | 1 |
_aEducation _vNursing Services |
|
| 942 | _cBOOK | ||
| 999 |
_c38 _d38 |
||